| 000 | 00485nam a2200181 u 4500 | ||
|---|---|---|---|
| 005 | 20240419063746.0 | ||
| 008 | 121010s2008 es r 000 0 spa d | ||
| 020 | _a9788444100289 | ||
| 035 | _aUPN01000187301 | ||
| 049 | _aI | ||
| 050 | 4 |
_aPZ74 _bP4.7 |
|
| 245 | 0 | 0 |
_aPeter Pan / _cil. Belén Eizaguirre Alvear. |
| 260 |
_aEspaña : _bEverest, _c2008. |
||
| 300 |
_a16 p. : _bil. |
||
| 650 | 0 |
_aCuentos de hadas _95259 |
|
| 650 | 0 |
_aHistorias de aventuras _94131 |
|
| 905 | _aInfantil | ||
| 999 |
_c159404 _d159404 |
||